[Event "Petrov Mem Open"]
[Site "St Petersburg RUS"]
[Date "2002.02.18"]
[Round "7"]
[White "Alikhanov,F"]
[Black "Biriukov,O"]
[Result "1-0"]
[WhiteElo "2305"]
[BlackElo "2378"]

1.e4 c5 2.c3 Nf6 3.e5 Nd5 4.Nf3 Nc6 5.d4 cxd4 6.cxd4 d6 7.Bc4 Nb6 8.Bb5 dxe5
9.Nxe5 Bd7 10.Nxd7 Qxd7 11.O-O e6 12.Qg4 h5 13.Qg3 h4 14.Qg4 h3 15.gxh3 Be7
16.Be3 Kf8 17.Nd2 a6 18.Bxc6 Qxc6 19.Nf3 f5 20.Qg2 Bf6 21.Rac1 Qd7 22.Bf4 Nd5
23.Be5 Kf7 24.Kh1 Rac8 25.Rce1 Ne7 26.Rg1 Rh7 27.Qg3 Qd5 28.Rg2 Rc2 29.h4 Rxb2
30.Rc1 Rb6 31.Rc7 Rb1+ 32.Rg1 Rxg1+ 33.Kxg1 Ke8 34.Bd6 f4 35.Qxf4 Nf5 36.Bc5 Rxh4
37.Rc8+ Kf7 38.Nxh4 Nxh4 39.Rf8+ Kg6 40.Rxf6+ gxf6 41.Qxh4  1-0

[Event "Petrov Mem Open"]
[Site "St Petersburg RUS"]
[Date "2002.02.20"]
[Round "9"]
[White "Malysheva,P"]
[Black "Torbin,K"]
[Result "0-1"]
[WhiteElo "2104"]
[BlackElo "2337"]

1.e4 c5 2.c3 Nf6 3.e5 Nd5 4.d4 cxd4 5.Nf3 Nc6 6.Bc4 Nb6 7.Bb3 d5 8.exd6 Qxd6
9.O-O e6 10.cxd4 Be7 11.Nc3 O-O 12.a3 Nd5 13.Ne4 Qd8 14.Bc2 b6 15.Qd3 g6
16.Bh6 Re8 17.Ne5 Qc7 18.f4 f5 19.Nc3 Rd8 20.Qg3 Nxe5 21.fxe5 Bb7 22.Bb3 Qd7
23.a4 Rac8 24.a5 b5 25.a6 Ba8 26.Rad1 b4 27.Na4 Qb5 28.Bg5 Bxg5 29.Qxg5 Qxa6
30.Nc5 Qb6 31.Rc1 Kg7 32.Bxd5 Bxd5 33.Rfd1 Re8 34.Qf6+ Kg8 35.Qg5 Qd8 36.Qh6 Qe7
37.Ra1 Red8 38.b3 Rxc5 39.dxc5 Qxc5+ 40.Kh1  0-1

[Event "9th Open Metalis"]
[Site "Bizovac CRO"]
[Date "2002.02.22"]
[Round "4"]
[White "Drmic,T"]
[Black "Jankovic,A"]
[Result "1/2-1/2"]
[WhiteElo "2130"]
[BlackElo "2273"]

1.e4 c5 2.c3 Nf6 3.e5 Nd5 4.d4 cxd4 5.cxd4 e6 6.Nc3 Nxc3 7.bxc3 Qc7 8.Bb2 d6
9.exd6 Bxd6 10.Nf3 Nd7 11.Bd3 b6 12.O-O Bb7 13.h3 O-O 14.Rc1 Bf4 15.Rc2 Bc6
16.Re2 Qb7 17.Ne1 b5 18.Bc1 Bd6 19.f4 Nf6 20.Bb1 Ne4 21.Qd3 f5 22.a3 Bd5
23.Ba2 Rac8 24.Bxd5 exd5 25.Rc2 Rc4 26.Rf3 Rfc8 27.Bb2 a5 28.Qe2 Ra4 29.Nd3 Bxa3
30.Bxa3 Rxa3 31.Nc5 Qc6 32.Nxe4 dxe4 33.Rg3 b4 34.Kh2 Rxc3 35.Rcxc3 bxc3
36.Qa2+ Qc4 37.Qxa5 c2 38.Qe5 g6 39.Rc3  1/2-1/2

[Event "9th Open Metalis"]
[Site "Bizovac CRO"]
[Date "2002.02.23"]
[Round "6"]
[White "Stevic,H"]
[Black "Jankovic,A"]
[Result "1-0"]
[WhiteElo "2530"]
[BlackElo "2273"]

1.e4 c5 2.c3 Nf6 3.e5 Nd5 4.Nf3 e6 5.d4 cxd4 6.cxd4 d6 7.Bc4 Be7 8.O-O Bd7
9.exd6 Bxd6 10.Bxd5 exd5 11.Re1+ Be7 12.Qb3 O-O 13.Qxb7 Nc6 14.Nc3 Rb8 15.Qa6 Rb6
16.Qd3 Bg4 17.Ne5 Nxe5 18.Rxe5 Be6 19.Na4 Rb4 20.b3 Rb7 21.Bf4 Bd6 22.Rh5 g6
23.Bxd6 Qxd6 24.Re5 Bf5 25.Qe3 Qa3 26.Nc5 Qb2 27.Rd1 Rb6 28.Na4  1-0

[Event "8th Hotel Opatija"]
[Site "Kastav CRO"]
[Date "2002.02.23"]
[Round "2"]
[White "Novak,D"]
[Black "Gombac,Jan"]
[Result "1-0"]
[WhiteElo "2376"]
[BlackElo "2225"]

1.e4 c5 2.c3 Nf6 3.e5 Nd5 4.d4 cxd4 5.Nf3 Nc6 6.cxd4 d6 7.Bc4 Nb6 8.Bb3 dxe5
9.d5 Na5 10.Nc3 Nxb3 11.Qxb3 e4 12.Ng5 Bf5 13.Be3 h6 14.Ne6 Qc8 15.Bxb6 fxe6
16.Be3 Kf7 17.Rc1 exd5 18.Nxd5 Qe6 19.Qxb7 Rd8 20.Nc3 Rd7 21.Qb5 Qg6 22.O-O a6
23.Qc4+ e6 24.f3 exf3 25.Rxf3 Kg8 26.Qxa6 Kh7 27.Qc6 Rd3 28.Rcf1 Bd6 29.Bf4 e5
30.Bg3 Rc8 31.Qa4 Bc5+ 32.Kh1 Rxf3 33.gxf3 Qh5 34.Qh4 Qg6 35.Bxe5 Re8 36.Qg3 Bd3
37.Qxg6+ Kxg6 38.Rd1 Bf5 39.Bd4 Bf8 40.Kg2 h5 41.Kf2 h4 42.a4 Rb8 43.Ne4 Be6
44.Rb1  1-0

[Event "Open"]
[Site "Antalya TUR"]
[Date "2002.02.25"]
[Round "4"]
[White "Nadyrhanov,S"]
[Black "Atakisi,U"]
[Result "1/2-1/2"]
[WhiteElo "2487"]
[BlackElo "2311"]

1.e4 c5 2.c3 Nf6 3.e5 Nd5 4.d4 cxd4 5.Nf3 Nc6 6.Bc4 Nb6 7.Bb3 d5 8.exd6 Qxd6
9.O-O Be6 10.Na3 dxc3 11.Qe2 Bxb3 12.Nb5 Qb8 13.axb3 g6 14.Rd1 Bg7 15.Nd6+ Kf8
16.Nxf7 cxb2 17.Bxb2  1/2-1/2

[Event "8th Hotel Opatija"]
[Site "Kastav CRO"]
[Date "2002.02.26"]
[Round "8"]
[White "Ljubicic,F"]
[Black "Levar,N"]
[Result "1/2-1/2"]
[WhiteElo "2413"]
[BlackElo "2315"]

1.e4 c5 2.c3 Nf6 3.e5 Nd5 4.Nf3 e6 5.d4 cxd4 6.cxd4 Nc6 7.Nc3 d6 8.exd6 Bxd6
9.Bd3 Nf6 10.O-O O-O 11.a3 h6 12.Qe2 Re8 13.Ne4 Nxe4 14.Bxe4 f5 15.Bxc6 bxc6
16.Bd2 Qb6 17.Qe3 Ba6 18.Rfc1 Rac8 19.b4 Qb5 20.Qb3 Qd5 21.Qc3 Be2  1/2-1/2

[Event "ch-RUS Boys U20"]
[Site "Vladimir RUS"]
[Date "2002.03.01"]
[Round "1"]
[White "Bedarev,S"]
[Black "Kurnosov,I"]
[Result "0-1"]
[WhiteElo "2302"]
[BlackElo "2419"]

1.e4 c5 2.c3 Nf6 3.e5 Nd5 4.Nf3 Nc6 5.Bc4 Nb6 6.Be2 g6 7.d4 cxd4 8.cxd4 Bg7
9.Nc3 O-O 10.Bf4 d6 11.exd6 exd6 12.O-O d5 13.Nb5 Bg4 14.Bg5 Qd7 15.Be3 Nc4
16.h3 Nxe3 17.fxe3 Bf5 18.Qb3 Rfe8 19.g4 Bxg4 20.hxg4 Qxg4+ 21.Kh2 Bh6 22.Rf2 Bxe3
23.Rg1 Qf4+ 24.Kg2 a6 25.Rgf1 Bxf2 26.Kxf2 axb5 27.Qxd5 Qe4 28.Qxb5 Nxd4  0-1

[Event "ch-RUS Boys U20"]
[Site "Vladimir RUS"]
[Date "2002.03.01"]
[Round "1"]
[White "Kosintseva,N"]
[Black "Bocharov,D"]
[Result "0-1"]
[WhiteElo "2340"]
[BlackElo "2452"]

1.e4 c5 2.c3 Nf6 3.e5 Nd5 4.d4 cxd4 5.Nf3 e6 6.cxd4 d6 7.Bc4 Nb6 8.Bb3 dxe5
9.Nxe5 Nc6 10.Nxc6 bxc6 11.O-O Be7 12.Bf4 O-O 13.Nc3 Bb7 14.Ne4 Nd7 15.Rc1 Qb6
16.Nd6 Rad8 17.Nxb7 Qxb7 18.Qf3 Rc8 19.Rc2 Nf6 20.Be5 Nd5 21.Rfc1 Rfd8 22.Qg4 g6
23.Qe2 Bf8 24.Bc4 Nb4 25.Rc3 Bh6 26.Re1 Bg7 27.Rh3 Bxe5 28.dxe5 Qd7 29.a3 Nd5
30.Qd2 h5 31.Qh6 Qe7 32.Bd3 Qf8 33.Qg5 Qe7 34.Rxh5 Qxg5 35.Rxg5 Rb8 36.b4 Nb6
37.Bf1 Rd2 38.Rg3 Rbd8 39.h4 Kf8 40.Rf3 R8d5 41.Rc3 Rb2 42.g3 Rdd2 43.Rf3 Nd7
44.Bg2 Rbc2 45.Ree3 c5 46.bxc5 Rxc5 47.Rd3 Rc1+ 48.Bf1 Nxe5  0-1

[Event "Anibal Open"]
[Site "Linares ESP"]
[Date "2002.03.02"]
[Round "2"]
[White "Potkin,V"]
[Black "Colovic,A"]
[Result "1/2-1/2"]
[WhiteElo "2481"]
[BlackElo "2364"]

1.e4 c5 2.c3 Nf6 3.e5 Nd5 4.Nf3 e6 5.d4 cxd4 6.cxd4 d6 7.Bc4 Nb6 8.Bd3 Bd7
9.O-O Bc6 10.Qe2 N8d7 11.Re1 dxe5 12.dxe5 Nc5 13.Bc2 Nd5 14.Nc3 Nxc3 15.bxc3 Qa5
16.Bd2 Be7 17.Nd4 Ba4 18.Bxa4+ Qxa4 19.Qg4 g6 20.Bh6 O-O-O 21.Qf3 Rd7 22.Re2 Rhd8
23.Rb1 Qc4 24.Reb2 Qd5 25.Qe2  1/2-1/2

[Event "Ciocaltea Mem"]
[Site "Bucharest ROM"]
[Date "2002.03.05"]
[Round "2"]
[White "Vajda,L"]
[Black "Lupulescu,C"]
[Result "1-0"]
[WhiteElo "2513"]
[BlackElo "2473"]

1.e4 c5 2.c3 Nf6 3.e5 Nd5 4.d4 cxd4 5.Nf3 e6 6.cxd4 d6 7.Nc3 Nxc3 8.bxc3 Nc6
9.exd6 Bxd6 10.Bd3 Qc7 11.O-O O-O 12.Re1 e5 13.dxe5 Nxe5 14.Nxe5 Bxe5 15.Qh5 f5
16.Ba3 Bd6 17.Bxd6 Qxd6 18.Bc4+ Kh8 19.Rad1 Qc7 20.Re8 Bd7 21.Rxa8 Rxa8 22.Qf7 Rd8
23.h4 h6 24.Re1 Qa5 25.Re7 Qxc3 26.Rxd7  1-0

[Event "FSIMB March"]
[Site "Budapest HUN"]
[Date "2002.03.05"]
[Round "4"]
[White "Schlusnik,N"]
[Black "Dub,Z"]
[Result "0-1"]
[WhiteElo "2285"]
[BlackElo "2238"]

1.e4 c5 2.c3 Nf6 3.d3 d6 4.g3 b6 5.Bg2 Bb7 6.Ne2 Nbd7 7.O-O e6 8.h3 Qc7 9.Be3 c4
10.f3 cxd3 11.Qxd3 d5 12.exd5 Nxd5 13.Bf2 Be7 14.Nd2 O-O 15.c4 Ne5 16.Qb3 Nb4
17.a3 Rfd8 18.Ne4 Nbd3 19.Rfd1 Bxe4 20.fxe4 Bc5  0-1

[Event "FSIMB March"]
[Site "Budapest HUN"]
[Date "2002.03.08"]
[Round "7"]
[White "Alfred,N"]
[Black "Nemeth,Z"]
[Result "0-1"]
[WhiteElo "2247"]
[BlackElo "2361"]

1.e4 c5 2.c3 Nf6 3.e5 Nd5 4.d4 e6 5.Nf3 cxd4 6.cxd4 d6 7.Nc3 Bd7 8.Bd3 Bc6
9.O-O Nd7 10.exd6 Bxd6 11.Ne4 Be7 12.Re1 h6 13.a3 O-O 14.Ne5 Rc8 15.h4 f5
16.Ng6 fxe4 17.Nxf8 Nxf8 18.Rxe4 Nf6 19.Re5 Bd6 20.Re1 Bc7 21.Bc4 Qd6 22.g3 Bb6
23.Bf4 Qxd4 24.Qxd4 Bxd4 25.Rxe6 Bd5 26.Bxd5 Nxd5 27.Re4 Bxb2 28.Rae1 Nxf4
29.gxf4 Bxa3 30.R4e3 Bc5 31.Rg3 a5 32.f5 Nh7 33.Re6 Kf7 34.Reg6 Rg8 35.Rb3 b6
36.Rc6 Re8 37.Rd3 Nf6 38.Rc7+ Re7 39.Rc8 Rd7  0-1

[Event "ch-RUS Girls U20"]
[Site "Vladimir RUS"]
[Date "2002.03.09"]
[Round "8"]
[White "Novikova,A"]
[Black "Kharashkina,B"]
[Result "1-0"]
[WhiteElo "2218"]
[BlackElo "2187"]

1.e4 c5 2.c3 Nf6 3.e5 Nd5 4.d4 cxd4 5.Nf3 Nc6 6.Bc4 Nb6 7.Bb3 d5 8.exd6 Qxd6
9.O-O Be6 10.Bxe6 Qxe6 11.Nxd4 Nxd4 12.Qxd4 Rd8 13.Qh4 Qe2 14.Be3 Qxb2 15.Nd2 Rxd2
16.Rab1 Qc2 17.Bxd2 Qxd2 18.Rfd1 Qh6 19.Qg3 f6 20.Qb8+ Kf7 21.Qxa7 Nc4 22.Qxb7 Ne5
23.a4 g5 24.a5 Qh4 25.Qd5+ Kg6 26.Qd4 g4 27.a6 Qg5 28.Qe4+ Kh5 29.a7 Nf3+
30.Kh1 f5 31.Rb5 e5 32.a8=Q fxe4 33.gxf3 Qf4 34.Qxe4 Qxe4 35.fxe4 Be7 36.Rd7 Bf6
37.Kg2 Kg5 38.c4 h5 39.c5 Rc8 40.Rd6 h4 41.c6 Be7 42.Rd7 Rxc6 43.Rxe5+  1-0

[Event "Ciocaltea Mem"]
[Site "Bucharest ROM"]
[Date "2002.03.12"]
[Round "9"]
[White "Miljanic,B"]
[Black "Lupulescu,C"]
[Result "1-0"]
[WhiteElo "2431"]
[BlackElo "2473"]

1.e4 c5 2.c3 Nf6 3.e5 Nd5 4.d4 cxd4 5.Nf3 e6 6.cxd4 d6 7.Bc4 Nc6 8.O-O Be7
9.Qe2 O-O 10.Qe4 Qc7 11.Bd3 f5 12.exf6 Nxf6 13.Qe2 Nb4 14.Bc4 d5 15.Bb3 Nc6
16.h3 Bd7 17.Nc3 Rae8 18.Be3 a6 19.Rac1 Bd6 20.Rfe1 Qb8 21.Na4 Na5 22.Nc5 Nxb3
23.axb3 Bb5 24.Qd1 Re7 25.Bg5 Qe8 26.Ne5 h6 27.Bh4 b6 28.Ncd3 g5 29.Bg3 Ne4
30.Rc2 Rg7 31.Bh2 h5 32.f3 Nf6 33.Nf2 a5 34.Re3 a4 35.bxa4 Bxa4 36.b3 Bb5
37.Rec3 Qe7 38.g4 hxg4 39.hxg4 Be8 40.Kg2 Rh7 41.Bg3 Nd7 42.Nc6 Qg7 43.Bxd6  1-0

[Event "35th Ladies GM"]
[Site "Belgrade YUG"]
[Date "2002.03.15"]
[Round "1"]
[White "Kalevic,S"]
[Black "Petrenko,S"]
[Result "0-1"]
[WhiteElo "2246"]
[BlackElo "2338"]

1.e4 c5 2.c3 Nf6 3.e5 Nd5 4.Nf3 Nc6 5.Na3 a6 6.Bc4 e6 7.O-O Be7 8.d4 cxd4
9.cxd4 Ncb4 10.Nc2 b5 11.Bb3 Bb7 12.Nxb4 Nxb4 13.a3 Nd5 14.Qd3 O-O 15.Bc2 g6
16.Bh6 Re8 17.Rfe1 Rc8 18.Bb3 Nb6 19.Nd2 d6 20.exd6 Bxd6 21.Qh3 Nc4 22.Nxc4 bxc4
23.Ba4 Bc6 24.Bxc6 Rxc6 25.Rad1 Rb6 26.Bc1 Rb5 27.Qc3 Qc7 28.d5 e5 29.Re4 Rc8
30.Qf3 f5 31.Rh4 Rb3 32.Qe2 e4 33.g4 Qe7 34.Rh6 f4 35.Re1 e3 36.fxe3 fxe3
37.Rh3 Qe5 38.Rxe3 Bc5 39.Kh1 Bxe3 40.Qf3 Bxc1  0-1

[Event "35th Ladies GM"]
[Site "Belgrade YUG"]
[Date "2002.03.15"]
[Round "1"]
[White "Ujhazi,D"]
[Black "Grabics,M"]
[Result "0-1"]
[WhiteElo "2180"]
[BlackElo "2283"]

1.e4 c5 2.c3 Nf6 3.e5 Nd5 4.d4 cxd4 5.Nf3 Nc6 6.Bc4 Nb6 7.Bb3 g6 8.cxd4 Bg7
9.O-O d6 10.exd6 Qxd6 11.Nc3 O-O 12.Re1 Bg4 13.Be3 Rad8 14.h3 Bxf3 15.Qxf3 a6
16.d5 Nd4 17.Bxd4 Bxd4 18.Rad1 Qf6 19.Qxf6 Bxf6 20.Ne4 Bxb2 21.Nc5 Ba3 22.Nxb7 Rd7
23.Na5 Bb4 24.Nc6 Bxe1 25.Rxe1 Re8 26.Re3 Kf8 27.Rf3 f6 28.Nd4 Rc8 29.Ne6+ Ke8
30.h4 a5 31.h5 a4 32.hxg6 hxg6 33.Bd1 Rc1  0-1

[Event "Mediteran Cup IM"]
[Site "Rijeka CRO"]
[Date "2002.03.16"]
[Round "9"]
[White "Bosiocic,Mari"]
[Black "Bistric,F"]
[Result "0-1"]
[WhiteElo "2079"]
[BlackElo "2486"]

1.e4 c5 2.c3 Nf6 3.e5 Nd5 4.d4 cxd4 5.Nf3 Nc6 6.cxd4 g6 7.Bc4 Nb6 8.Bb3 Bg7
9.O-O O-O 10.h3 d6 11.Qe2 Na5 12.Bc2 Be6 13.b3 Nc6 14.Bb2 Rc8 15.Nc3 Nd5
16.Nxd5 Bxd5 17.Be4 Qa5 18.Rfc1 Bxe4 19.Qxe4 Rfd8 20.a3 Qb5 21.b4 a5 22.d5 Nxe5
23.Nxe5 dxe5 24.Bxe5 Bxe5 25.Qxe5 axb4 26.axb4 Rxc1+ 27.Rxc1 Qxb4 28.Re1 Rxd5
29.Qxe7 Qc3 30.Rb1 b5 31.Qe8+ Kg7 32.Qe4 Re5 33.Qb4 Re1+ 34.Kh2 Qe5+ 35.g3 Rxb1
36.Qxb1 Qd4 37.Kg2 b4 38.Qe1 b3 39.Qe7 Qd5+ 40.Kh2 Qb5 41.Qd6 b2 42.Qd4+ f6
43.Qa7+ Kh6 44.Qe3+ g5 45.Qe7 Kg6 46.Qe4+ Kf7 47.Qxh7+ Ke6 48.Qe4+ Kd6 49.Qd4+ Kc7
50.Qc3+ Kb8 51.Qxf6 b1=Q 52.Qd8+ Kb7 53.Qe7+ Ka6 54.Qd6+ Qb6 55.Qa3+ Kb5
56.Qf3 Qc6 57.Qe2+ Ka4 58.Qg4+ Ka3 59.Qf3+ Qxf3  0-1

[Event "13th Goodricke"]
[Site "Calcutta IND"]
[Date "2002.03.18"]
[Round "2"]
[White "Sangma,R"]
[Black "Sherbakov,R"]
[Result "0-1"]
[WhiteElo "2180"]
[BlackElo "2539"]

1.e4 c5 2.c3 Nf6 3.d3 d6 4.f4 g6 5.Nf3 Bg7 6.Be2 O-O 7.O-O c4 8.Kh1 cxd3
9.Bxd3 b6 10.e5 dxe5 11.fxe5 Ng4 12.Nd4 Qc7 13.Bf4 Bxe5 14.Nb5 Qd7 15.Be2 Nc6
16.Bxg4 Qxg4 17.Bxe5 Nxe5 18.Nd2 Qd7 19.Nd4 Nc6 20.N2f3 Nxd4 21.Qxd4 Qxd4
22.Nxd4 Bd7 23.Rfe1 Rfe8 24.Rad1 Rad8 25.h3 f6 26.Rd2 e5 27.Nf3 Bc6 28.Red1 Rxd2
29.Rxd2 Kf7 30.Nh2 Ke7 31.Ng4 h5 32.Ne3 Rd8 33.Rxd8 Kxd8 34.h4 Ke7 35.Kg1 Ke6
36.Kf2 f5 37.g3 Be4 38.c4 f4 39.Nd1 Kf5 40.Nc3 Bc6 41.b4 Kg4 42.gxf4 exf4
43.Ne2 Kxh4 44.Nxf4 Kg5 45.Ne6+ Kf6 46.Nd4 Be8 47.Ke3 Bf7 48.Nc6 Bxc4 49.Nxa7 Bxa2
50.b5 Be6 51.Nc6 Bd7 52.Nb4 Ke5 53.Nd3+ Kd6 54.Nf4 Be8 55.Kd4 h4 56.Ke4 g5
57.Nh3 g4 58.Ng1 Bxb5 59.Kf4 h3  0-1

[Event "13th Goodricke"]
[Site "Calcutta IND"]
[Date "2002.03.18"]
[Round "2"]
[White "Blauert,J"]
[Black "Hossain,Enam"]
[Result "1-0"]
[WhiteElo "2390"]
[BlackElo "2426"]

1.e4 c5 2.c3 Nf6 3.e5 Nd5 4.d4 cxd4 5.Nf3 e6 6.Bc4 Nb6 7.Bb3 Nc6 8.cxd4 d6
9.Qe2 Be7 10.O-O O-O 11.Nc3 d5 12.Bc2 f5 13.exf6 Rxf6 14.Bg5 Rf7 15.h4 g6
16.Rad1 Bd7 17.Rfe1 Bf6 18.Na4 Nxa4 19.Bxa4 Qc7 20.Bxc6 bxc6 21.Ne5 Bxe5
22.dxe5 Be8 23.Bf6 c5 24.Qg4 Qc6 25.h5 Rb7 26.Re3 Qa4 27.f4 Rb6 28.Rh3 Qe4
29.hxg6 Qxg6 30.Qh4 Qf5 31.Rdd3 Bg6 32.Rdg3 Kf7 33.Rxg6 Qxg6 34.Rg3 Qb1+
35.Kh2 Rg8 36.Qh5+  1-0

[Event "13th Goodricke"]
[Site "Calcutta IND"]
[Date "2002.03.18"]
[Round "2"]
[White "Sermek,D"]
[Black "Bakre,T"]
[Result "1/2-1/2"]
[WhiteElo "2595"]
[BlackElo "2477"]

1.e4 c5 2.c3 Nf6 3.e5 Nd5 4.Nf3 e6 5.d4 cxd4 6.cxd4 d6 7.Bc4 Nb6 8.Bd3 Bd7
9.O-O Bc6 10.Nc3 N8d7 11.exd6 Bxd6 12.Ne4 Be7 13.Bf4 Nf6 14.Nc3 Nbd5 15.Bd2 O-O
16.Re1 Nb4 17.Be2 Ne4 18.Bc1 Qa5 19.Bf1 Nf6 20.Ne5 Rfd8 21.Bf4 Qb6 22.Be3 Nbd5
23.Nxc6 Qxc6 24.Qb3 Qb6 25.Qxb6  1/2-1/2

[Event "13th Goodricke"]
[Site "Calcutta IND"]
[Date "2002.03.20"]
[Round "4"]
[White "Sermek,D"]
[Black "Shetty,R"]
[Result "1-0"]
[WhiteElo "2595"]
[BlackElo "2335"]

1.e4 c5 2.c3 Nf6 3.e5 Nd5 4.Nf3 e6 5.d4 cxd4 6.cxd4 d6 7.Bc4 Nb6 8.Bd3 N8d7
9.Qe2 dxe5 10.dxe5 Be7 11.Nc3 Nc5 12.Bc2 Bd7 13.O-O O-O 14.Rd1 Rc8 15.Rd4 Rc7
16.h4 f5 17.exf6 Bxf6 18.Bg5 Qe7 19.Ne5 Be8 20.Qg4 Nbd7 21.Re1 Nxe5 22.Rxe5 Qf7
23.Bxf6 Qxf6 24.Qg3 a5 25.Rd2 b6 26.Rd6 Rc6 27.Nd5 Qxf2+ 28.Qxf2 Rxf2 29.Rxc6 Bxc6
30.Ne7+ Kf7 31.Kxf2 Kxe7 32.Bxh7 Kf6 33.Rg5 Be4 34.Rxc5 Bxh7 35.Rb5  1-0

[Event "13th Goodricke"]
[Site "Calcutta IND"]
[Date "2002.03.22"]
[Round "6"]
[White "Blauert,J"]
[Black "Ghaem Maghami,E"]
[Result "1/2-1/2"]
[WhiteElo "2390"]
[BlackElo "2513"]

1.e4 c5 2.c3 Nf6 3.e5 Nd5 4.d4 cxd4 5.Nf3 Nc6 6.cxd4 d6 7.Bc4 Nb6 8.Bb5 dxe5
9.Nxe5 Bd7 10.Nxd7 Qxd7 11.Nc3 e6 12.O-O Be7 13.Qg4 Bf6 14.Rd1 h5 15.Qe4 Nd5
16.Nxd5 Qxd5 17.Qxd5 exd5 18.Be3 a6 19.Be2 g6 20.Rac1 O-O 21.Bf3 Rfd8 22.Rc5 Ne7
23.Rc7 b5 24.Kf1 Rac8 25.Rxc8 Rxc8 26.Ke2 Kf8 27.Kd3 Ke8 28.Rc1 Rxc1 29.Bxc1 Kd7
30.g3 Kc6 31.h4 Nf5 32.Be3 Bg7 33.Bg2 Bh6 34.Bxh6 Nxh6 35.Bh3 Ng8 36.g4 hxg4
37.Bxg4 Nf6 38.Bf3 Kd6 39.Ke3 Ke6 40.Kf4 Ne8 41.Bg4+ f5 42.Bf3 Nc7 43.h5 gxh5
44.Bxh5 Kf6 45.Bf3 b4 46.Bg2 a5 47.Bf3  1/2-1/2

[Event "Europe Chess GM"]
[Site "Eger HUN"]
[Date "2002.03.22"]
[Round "3"]
[White "Vajda,L"]
[Black "Rajlich,V"]
[Result "1-0"]
[WhiteElo "2513"]
[BlackElo "2384"]

1.e4 c5 2.c3 Nf6 3.e5 Nd5 4.d4 cxd4 5.Nf3 e6 6.cxd4 b6 7.Nc3 Nxc3 8.bxc3 Qc7
9.Bd2 Bb7 10.Bd3 d6 11.O-O Nd7 12.Ng5 dxe5 13.Qh5 g6 14.Qh3 Be7 15.Rfe1 h6
16.a4 Kf8 17.f4 Kg7 18.Nxf7 Kxf7 19.fxe5 Nf8 20.Rf1+ Kg7 21.Qg3 g5 22.Rf2 Bc6
23.Rf6 Rh7 24.Bxh7 Kxh7 25.Rf7+ Kg8 26.Raf1 Be8 27.Qf3 Rc8 28.Rxf8+ Bxf8
29.Qxf8+ Kh7 30.Qf6 Qd7 31.h4 Bg6 32.hxg5 h5 33.Rf2 Qe8 34.g4 Qxa4 35.gxh5 Qd1+
36.Kh2 Qxh5+ 37.Kg3 Kg8 38.Rh2 Rf8 39.Rxh5 Rxf6 40.Rh6  1-0

[Event "Suetin Mem"]
[Site "Tula RUS"]
[Date "2002.03.24"]
[Round "2"]
[White "Izmukhambetov,S"]
[Black "Kainov,A"]
[Result "1-0"]
[WhiteElo "2371"]
[BlackElo "2208"]

1.e4 c5 2.c3 Nf6 3.e5 Nd5 4.d4 cxd4 5.Nf3 Nc6 6.Bc4 Nb6 7.Bb3 d5 8.exd6 Qxd6
9.O-O Be6 10.Na3 Bxb3 11.Qxb3 Qd5 12.Nb5 Qxb3 13.axb3 Rc8 14.Nfxd4 Nxd4 15.Nxd4 a6
16.b4 g6 17.b5 Bg7 18.bxa6 Bxd4 19.axb7 Rb8 20.cxd4 Rxb7 21.Bd2 Kd7 22.Rfc1 Nd5
23.Rc5 e6 24.Bc3 h5 25.h4 Rc8 26.Rxc8 Kxc8 27.g3 Kd7 28.Kf1 Rb3 29.Rc1 Kd6
30.Ke2 Nb4 31.Ra1 Nc6 32.Ra8 Kd5 33.Kd3 Rb7 34.f3 e5 35.dxe5 Nxe5+ 36.Bxe5 Kxe5
37.Ra5+ Kf6 38.Kc3 Rc7+ 39.Kd4 Rd7+ 40.Kc4 Rd2 41.b4 Rc2+ 42.Kd4 Rd2+ 43.Kc5 Rc2+
44.Kd6 Rc3 45.g4 hxg4 46.fxg4 Rc4 47.g5+ Kg7 48.b5 Rxh4 49.b6 Rb4 50.Kc6 Rc4+
51.Rc5 Rb4 52.b7 Rxb7 53.Kxb7 f6 54.Rc7+  1-0

[Event "Europe Chess GM"]
[Site "Eger HUN"]
[Date "2002.03.25"]
[Round "6"]
[White "Boricsev,O"]
[Black "Rajlich,V"]
[Result "0-1"]
[WhiteElo "2333"]
[BlackElo "2384"]

1.e4 c5 2.c3 Nf6 3.e5 Nd5 4.d4 cxd4 5.Nf3 e6 6.cxd4 b6 7.Nc3 Nxc3 8.bxc3 Qc7
9.Bd2 Bb7 10.Bd3 d6 11.O-O Nd7 12.Re1 dxe5 13.Nxe5 Nxe5 14.Rxe5 Bd6 15.Bb5+ Bc6
16.Qf3 Rc8 17.Bxc6+ Qxc6 18.d5 Qb7 19.Rg5 O-O 20.c4 Rxc4 21.Qf6 g6 22.Bc3 Rxc3
23.Qxc3 f6 24.Rg4 Be5 25.Rd4 Bxd4 26.Qxd4 Qxd5 27.Qxd5 exd5 28.Rc1 Re8 29.Kf1 Kf7
30.Rc6 Re6 31.Rc7+ Re7 32.Rc6 Rd7 33.Ke2 d4 34.Kd3 h5 35.f4 h4 36.g4 hxg3
37.hxg3 f5 38.a4 Kg7 39.Rc8 Kh6 40.Rh8+ Rh7 41.Rg8 Kh5 42.Kxd4 Re7 43.Kc4 Re4+
44.Kb5 a5 45.Kxb6 Rxa4 46.Kb5 Ra3 47.Kc4 Rxg3 48.Kd4 Rb3 49.Ke5 Rb5+ 50.Kf6 Rb6+
51.Ke5 Ra6 52.Rh8+ Kg4 53.Rh1 a4 54.Rg1+ Kf3 55.Rf1+ Ke2  0-1

[Event "13th Goodricke"]
[Site "Calcutta IND"]
[Date "2002.03.26"]
[Round "10"]
[White "Ravi,T"]
[Black "Sundararajan,K"]
[Result "1/2-1/2"]
[WhiteElo "2357"]
[BlackElo "2412"]

1.e4 c5 2.c3 Nf6 3.e5 Nd5 4.d4 cxd4 5.Qxd4 e6 6.Nf3 Nc6 7.Qe4 f5 8.Qe2 Qc7
9.g3 d6 10.exd6 Bxd6 11.Bg2 O-O 12.O-O Nb6 13.Nbd2 e5 14.Nc4 Nxc4 15.Qxc4+ Kh8
16.Rd1 f4 17.Ng5 Qe7 18.Ne4 Be6 19.Qe2 Bc7 20.b3 Rf7 21.Rd3 Bb6 22.Nd6 Rf6
23.Ne4 Rf7  1/2-1/2

[Event "13th Goodricke"]
[Site "Calcutta IND"]
[Date "2002.03.26"]
[Round "10"]
[White "Blauert,J"]
[Black "Bakre,T"]
[Result "1/2-1/2"]
[WhiteElo "2390"]
[BlackElo "2477"]

1.e4 c5 2.c3 Nf6 3.e5 Nd5 4.d4 cxd4 5.Nf3 d6 6.cxd4 Nc6 7.Bc4 e6 8.O-O Be7
9.exd6 Qxd6 10.Nc3 O-O 11.Re1 Nxc3 12.bxc3 b6 13.Ng5 Bxg5 14.Bxg5 h6 15.Bd2 Ne7
16.Qg4 Nf5 17.Bd3 Bd7 18.Bxf5 exf5 19.Qg3 Qxg3  1/2-1/2

[Event "57th ch-YUG"]
[Site "Banja Koviljaca YUG"]
[Date "2002.03.27"]
[Round "11"]
[White "Savic,Miod1"]
[Black "Popovic,P"]
[Result "1-0"]
[WhiteElo "2469"]
[BlackElo "2533"]

1.e4 c5 2.c3 Nf6 3.e5 Nd5 4.Nf3 Nc6 5.d4 cxd4 6.Bc4 Nb6 7.Bb3 g6 8.cxd4 Bg7
9.O-O d5 10.h3 O-O 11.Bf4 Bf5 12.Qd2 a5 13.Na3 a4 14.Bd1 f6 15.Re1 Qd7 16.Rc1 Be4
17.Bg3 Kh8 18.Rc5 Rfc8 19.Be2 Bxf3 20.Bxf3 fxe5 21.dxe5 e6 22.Rb5 Ra6 23.Be2 Nxe5
24.Rb4 Nec4 25.Nxc4 dxc4 26.Qxd7 Nxd7 27.Rxb7 Ne5 28.Rxg7 Nd3 29.Bxd3  1-0

[Event "New White Plus GM open"]
[Site "Dhaka BAN"]
[Date "2002.03.30"]
[Round "1"]
[White "Sermek,D"]
[Black "Rahman,SM"]
[Result "1-0"]
[WhiteElo "2595"]
[BlackElo "2267"]

1.e4 c5 2.c3 Nf6 3.e5 Nd5 4.Nf3 Nc6 5.Bc4 Nb6 6.Bb3 d5 7.exd6 Qxd6 8.Na3 a6
9.d4 cxd4 10.O-O e6 11.Nxd4 Nxd4 12.cxd4 Be7 13.Qf3 Qxd4 14.Be3 Qb4 15.Nc2 Qa5
16.Rfd1 O-O 17.Bd2 Qb5 18.Nd4 Qc5 19.Bc3 Qg5 20.Rac1 e5 21.h4 Qg6 22.Bc2 Qg4
23.Nf5 Bxf5 24.Qxf5 Qxf5 25.Bxf5 Nc4 26.Rd7 Rfe8 27.Be4 Rad8 28.Rxd8 Rxd8
29.Bxb7 a5 30.Ba6 Nd6 31.Bxa5 Ra8 32.Rc6 Kf8 33.Bc7 Nf5 34.Bxe5  1-0

[Event "SVK-Cup"]
[Site "Trencianske Teplice SVK"]
[Date "2002.03.30"]
[Round "2"]
[White "Olsar,J"]
[Black "Stohl,I"]
[Result "0-1"]
[WhiteElo "2323"]
[BlackElo "2539"]

1.e4 c5 2.c3 Nf6 3.e5 Nd5 4.d4 cxd4 5.Nf3 Nc6 6.cxd4 d6 7.Bc4 Nb6 8.Bb5 dxe5
9.Nxe5 Bd7 10.Nc3 e6 11.O-O Be7 12.Qf3 O-O 13.Bxc6 Bxc6 14.Nxc6 bxc6 15.Qxc6 Qxd4
16.Rd1 Qb4 17.Qb5 Rfc8 18.Qe2 Rab8 19.a4 Nc4 20.Rd7 Rb7 21.Rxb7 Qxb7 22.Rb1 Qb3
23.Qd1 Rb8 24.Kf1 Bf6 25.Qxb3 Rxb3 26.Nd1 Bd4 27.Ke2 f5 28.Ne3 Bxe3 29.Bxe3 Nxe3
30.fxe3 e5 31.Rc1 Rxb2+ 32.Kf1 Rb7 33.a5 Kf7 34.a6 Rd7 35.Rc6 Ke7 36.Ke2 Kd8
37.h3 Rd5 38.e4 fxe4 39.Ke3 Ra5 40.Kxe4 Kd7 41.Rc2 Rxa6 42.Kxe5 Re6+ 43.Kd5 Rd6+
44.Ke5 a5 45.Ra2 Ra6 46.Kd5 a4 47.Ra3 Ra8 48.Kc4 Ke6 49.Kb4 Ke5 50.Kc4 Ke4
51.Kc5 Ke5 52.Kc4 g5 53.Kc5 h5 54.Kc4 Ke4 55.Kc5 g4 56.hxg4 hxg4 57.Kc4 Kf4
58.Kd5 Rd8+ 59.Ke6 Rd4 60.g3+ Ke4 61.Kf6 Kd5 62.Rc3 Rc4 63.Re3 Kd4 64.Re6 Kc5
65.Kf5 a3 66.Ra6 Kb4 67.Rb6+ Kc3 68.Ra6 Kb3 69.Rb6+ Rb4 70.Ra6 a2  0-1

[Event "6th Neckar Open"]
[Site "Deizisau GER"]
[Date "2002.03.31"]
[Round "6"]
[White "Schmittdiel,E"]
[Black "Niklasch,O"]
[Result "1-0"]
[WhiteElo "2486"]
[BlackElo "2346"]

1.e4 c5 2.c3 Nf6 3.e5 Nd5 4.d4 cxd4 5.Nf3 e6 6.cxd4 d6 7.Nc3 Nxc3 8.bxc3 Qc7
9.Bd2 Nd7 10.Bd3 dxe5 11.O-O g6 12.Nxe5 Nxe5 13.dxe5 Bg7 14.f4 O-O 15.Qe1 b6
16.Be3 Bb7 17.Bd4 Bd5 18.a4 Rfd8 19.Qe3 Bc4 20.Bxc4 Qxc4 21.a5 bxa5 22.Rxa5 a6
23.Rfa1 Qc6 24.Qe2 Bh6 25.Rxa6 Rxa6 26.Rxa6 Qb7 27.g3 Bf8 28.Rb6 Qa8 29.h3 Qa1+
30.Qf1 Qa2 31.Qb1 Qe2 32.Rb2 Qf3 33.Kh2 h5 34.Qh1 Qd3 35.Qe1 Qf3 36.Qf2 Qd1
37.Kg2 Ra8 38.Qc2 Qa1 39.Bf2 Rc8 40.Bd4 Qa8+ 41.Kh2 Bc5 42.Qg2 Qa1 43.Ra2  1-0

[Event "6th Neckar Open"]
[Site "Deizisau GER"]
[Date "2002.03.31"]
[Round "6"]
[White "Skytte,R"]
[Black "Kritz,L"]
[Result "0-1"]
[WhiteElo "2349"]
[BlackElo "2453"]

1.e4 c5 2.c3 Nf6 3.e5 Nd5 4.d4 cxd4 5.Nf3 Nc6 6.Bc4 e6 7.cxd4 d6 8.Qe2 Be7
9.O-O O-O 10.Qe4 Ndb4 11.exd6 Qxd6 12.Bf4 Qd8 13.Nc3 Na5 14.Be2 Nd5 15.Bd2 Nc6
16.Rfd1 Nf6 17.Qh4 Nb4 18.Qg3 Nbd5 19.Ne5 Nxc3 20.bxc3 Ne4 21.Qe3 Nxd2 22.Rxd2 Qc7
23.Bf3 f6 24.Nd3 Bd6 25.g3 Qxc3 26.Rc1 Qa3 27.Rdc2 Kh8 28.Rb1 Rb8 29.Rb3 Qa5
30.Nc5 Bxc5 31.Rxc5 Qxa2 32.Qc3 b6 33.Rc7 Ba6 34.Rxa7 Rfc8  0-1